Der kleine Vampir verreist

Gespeichert in:
Bibliographische Detailangaben
1. Verfasser: Sommer-Bodenburg, Angela
Format: Buch
Sprache:German
Veröffentlicht: Alemania Rowohlt Taschenbuch Verlag GmbH 1984
Schlagworte:
Tags: Tag hinzufügen
Keine Tags, Fügen Sie den ersten Tag hinzu!

MARC

LEADER 00000nam a2200000Ia 4500
008 170316s9999 xx 000 0 ger d
999 |c 20810  |d 20810 
040 |a cru BVZT 
090 |a 809 S-5d 
100 |a Sommer-Bodenburg, Angela 
245 |a Der kleine Vampir verreist 
260 |a Alemania 
260 |b Rowohlt Taschenbuch Verlag GmbH 
260 |c 1984 
300 |a 125 páginas 
650 |a LITERATURA INFANTIL Y JUVENIL 
650 |a EN IDIOMA ALEMÁN 
650 |a CUENTO  |9 19 
942 |c 15 D  |h 809 S-5d  |2 z